ESSENTIALS OF HUMAN ANATOMY AND PHYSIOLOGY (Record no. 193232)

MARC details
000 -LEADER
fixed length control field 00486nam a2200181Ia 4500
003 - CONTROL NUMBER IDENTIFIER
control field OSt
005 - DATE AND TIME OF LATEST TRANSACTION
control field 20260218112526.0
020 ## - INTERNATIONAL STANDARD BOOK NUMBER
International Standard Book Number 0-697-09703-X
040 ## - CATALOGING SOURCE
Transcribing agency LC
050 ## - LIBRARY OF CONGRESS CALL NUMBER
Classification number QP 34.5 .H 65 1992
100 ## - MAIN ENTRY--PERSONAL NAME
Personal name HOLE,JOHN W.
245 #0 - TITLE STATEMENT
Title ESSENTIALS OF HUMAN ANATOMY AND PHYSIOLOGY
250 ## - EDITION STATEMENT
Edition statement 4
260 ## - PUBLICATION, DISTRIBUTION, ETC.
Place of publication, distribution, etc. KERPER BOULEVARD, DUBUQUE,
Name of publisher, distributor, etc. WM.C.BROWN PUBLISHERS,
Date of publication, distribution, etc. 1992,
300 ## - PHYSICAL DESCRIPTION
Extent XXii, 560 P, ILL
500 ## - GENERAL NOTE
General note INCLUDES BIBLIOGRAPHICAL REFERENCES AND INDEX
942 ## - ADDED ENTRY ELEMENTS (KOHA)
Koha item type Long Loan Book
Source of classification or shelving scheme Library of Congress Classification
Holdings
Withdrawn status Lost status Source of classification or shelving scheme Damaged status Not for loan Collection Home library Current library Shelving location Date acquired Inventory number Total checkouts Full call number Barcode Date last seen Date last checked out Copy number Price effective from Koha item type
    Library of Congress Classification     Medicine Kisii University Library Kisii University Library On Display 09/15/2023 60486 1 QP 34.5 .H 65 1992 043875 02/25/2025 02/12/2025 1 09/15/2023 Long Loan Book